Bundesliga Most Matches Per Club (2000-) - Statistics

General Stats
  • This quiz has been taken 81 times
  • The average score is 112 of 399
Answer Stats
Club Rank Player Positions Nationality Matches Goals (assists) % Correct
1.FC Heidenheim 1846 2 Kevin Müller GK 67 0 (0)
93%
1.FC Nuremberg 6 Lars Müller LB 110 6 (10)
93%
Bayern Munich 1 Thomas Müller CF 503 150 (211)
93%
Bayern Munich 2 Manuel Neuer GK 367 0 (0)
91%
Bayern Munich 4 Philipp Lahm RB 332 12 (45)
89%
Bayern Munich 8 Robert Lewandowski ST 253 238 (45)
86%
Bayern Munich 6 David Alaba CB 281 22 (29)
84%
Bayern Munich 5 Joshua Kimmich DM 295 29 (80)
84%
Borussia Dortmund 1 Mats Hummels CB 367 30 (17)
84%
Bayern Munich 9 Oliver Kahn GK 251 0 (1)
84%
Bayern Munich 7 Franck Ribéry LW 273 86 (120)
82%
Borussia Dortmund 3 Marco Reus AM 294 120 (93)
82%
Bayern Munich 3 Bastian Schweinsteiger CM 342 45 (68)
80%
Bayern Munich 10 Jérôme Boateng CB 229 5 (15)
80%
Bayer 04 Leverkusen 8 Lukas Hradecky GK 222 0 (0)
75%
Borussia Dortmund 6 Lukasz Piszczek RB 264 16 (44)
73%
Borussia Dortmund 2 Roman Weidenfeller GK 349 0 (1)
73%
Borussia Mönchengladbach 3 Yann Sommer GK 272 0 (1)
70%
1.FC Köln 1 Jonas Hector LB 228 12 (21)
68%
Eintracht Frankfurt 1 Kevin Trapp GK 293 0 (0)
68%
1.FSV Mainz 05 1 Stefan Bell CB 284 13 (12)
68%
RB Leipzig 3 Willi Orbán CB 226 26 (4)
68%
SV Werder Bremen 6 Aaron Hunt AM 215 46 (41)
66%
1.FC Köln 5 Anthony Modeste ST 135 64 (10)
66%
1.FC Köln 4 Lukas Podolski ST 139 55 (25)
66%
RB Leipzig 10 Marcel Sabitzer CM 145 32 (27)
66%
Borussia Dortmund 8 Nuri Şahin DM 223 21 (41)
66%
Bayer 04 Leverkusen 1 Stefan Kießling ST 344 131 (55)
66%
RB Leipzig 8 Timo Werner LW 162 89 (36)
66%
TSG 1899 Hoffenheim 3 Andrej Kramaric AM 286 126 (61)
64%
RB Leipzig 6 Emil Forsberg LW 197 40 (46)
64%
SV Werder Bremen 3 Frank Baumann DM 228 10 (16)
64%
RB Leipzig 4 Kevin Kampl CM 200 9 (15)
64%
Borussia Dortmund 7 Marcel Schmelzer LB 258 3 (23)
64%
VfB Stuttgart 9 Mario Gómez ST 168 78 (26)
64%
TSG 1899 Hoffenheim 1 Oliver Baumann GK 358 0 (3)
64%
RB Leipzig 1 Péter Gulácsi GK 246 0 (2)
64%
1.FC Köln 2 Timo Horn GK 201 0 (1)
64%
FC Augsburg 9 Tobias Werner LW 127 23 (23)
64%
RB Leipzig 2 Yussuf Poulsen ST 233 49 (27)
64%
1.FC Heidenheim 1846 8 Adrian Beck AM 55 5 (2)
61%
TSG 1899 Hoffenheim 5 Andreas Beck RB 216 3 (20)
61%
Bayer 04 Leverkusen 2 Jonathan Tah CB 291 15 (11)
61%
FC Schalke 04 5 Klaas-Jan Huntelaar ST 184 84 (27)
61%
VfL Wolfsburg 1 Maximilian Arnold CM 375 44 (45)
61%
SC Freiburg 3 Vincenzo Grifo LW 236 65 (66)
61%
SV Werder Bremen 5 Claudio Pizarro ST 225 99 (34)
59%
VfL Wolfsburg 2 Diego Benaglio GK 259 0 (0)
59%
Bayer 04 Leverkusen 9 Karim Bellarabi RW 215 34 (48)
59%
Eintracht Braunschweig 8 Karim Bellarabi RW 26 3 (4)
59%
VfL Wolfsburg 4 Koen Casteels GK 238 0 (1)
59%
Borussia Dortmund 4 Sebastian Kehl DM 274 20 (18)
59%
Borussia Dortmund 10 Jakub Blaszczykowski RW 197 27 (43)
57%
Eintracht Frankfurt 4 Makoto Hasebe DM 235 2 (5)
57%
FC Schalke 04 3 Ralf Fährmann GK 212 0 (0)
57%
1.FSV Mainz 05 10 Ádám Szalai ST 136 24 (11)
55%
FC Schalke 04 2 Benedikt Höwedes CB 240 12 (7)
55%
RB Leipzig 7 Marcel Halstenberg CB 165 12 (18)
55%
1.FC Kaiserslautern 1 Miroslav Klose ST 118 44 (19)
55%
Borussia Mönchengladbach 8 Alassane Pléa ST 209 58 (43)
52%
1.FC Union Berlin 1 Christopher Trimmel RB 165 3 (32)
52%
1.FC Köln 8 Ellyes Skhiri DM 118 17 (8)
52%
FC Schalke 04 7 Jefferson Farfán RW 170 39 (48)
52%
Borussia Mönchengladbach 10 Jonas Hofmann AM 184 40 (40)
52%
1.FC Union Berlin 9 Julian Ryerson RB 79 2 (3)
52%
Borussia Mönchengladbach 2 Nico Elvedi CB 285 15 (9)
52%
Alemannia Aachen 10 Vedad Ibisevic ST 24 6 (1)
52%
SC Freiburg 1 Christian Günter LB 346 13 (51)
50%
FC Schalke 04 4 Joel Matip CB 194 17 (12)
50%
Bayer 04 Leverkusen 5 Lars Bender DM 256 22 (29)
50%
RB Leipzig 5 Lukas Klostermann CB 198 12 (3)
50%
FC Ingolstadt 04 1 Marvin Matip CB 66 2 (1)
50%
TSG 1899 Hoffenheim 2 Sebastian Rudy DM 295 16 (37)
50%
VfB Stuttgart 10 Aleksandr Hleb AM 164 13 (38)
48%
RB Leipzig 9 Amadou Haidara CM 159 11 (11)
48%
Bayer 04 Leverkusen 6 Bernd Leno GK 233 0 (1)
48%
VfL Wolfsburg 6 Josuha Guilavogui DM 207 9 (4)
48%
Borussia Mönchengladbach 7 Lars Stindl AM 222 62 (47)
48%
Hamburger SV 7 Rafael van der Vaart AM 152 45 (39)
48%
1.FC Union Berlin 4 Sheraldo Becker LW 104 18 (20)
48%
Holstein Kiel 6 Timo Becker CB 30 0 (2)
48%
1.FC Nuremberg 9 Timothy Chandler RB 95 4 (9)
48%
Eintracht Frankfurt 9 Timothy Chandler RB 167 9 (12)
48%
Bayer 04 Leverkusen 4 Gonzalo Castro CM 286 25 (58)
45%
SC Paderborn 07 3 Lukas Kruse GK 34 0 (0)
45%
FC St. Pauli 2 Max Kruse CF 33 2 (6)
45%
Borussia Mönchengladbach 1 Patrick Herrmann RW 351 47 (56)
45%
Bayer 04 Leverkusen 3 Simon Rolfes DM 288 41 (27)
45%
1.FC Union Berlin 7 Danilho Doekhi CB 83 8 (2)
43%
Borussia Dortmund 5 Dedê LB 269 11 (39)
43%
1.FC Köln 6 Florian Kainz AM 133 21 (28)
43%
1.FC Union Berlin 5 Frederik Rönnow GK 97 0 (0)
43%
FC Augsburg 7 Marwin Hitz GK 141 1 (0)
43%
Borussia Mönchengladbach 5 Oscar Wendt LB 244 16 (18)
43%
Hertha BSC 1 Pál Dárdai DM 236 15 (12)
43%
1.FC Union Berlin 3 Rani Khedira DM 117 3 (2)
43%
1.FC Union Berlin 2 Robin Knoche CB 123 4 (3)
43%
VfL Wolfsburg 7 Robin Knoche CB 183 12 (5)
43%
1.FSV Mainz 05 5 Robin Zentner GK 198 0 (0)
43%
SV Werder Bremen 10 Tim Wiese GK 194 0 (1)
43%
Hertha BSC 2 Arne Friedrich CB 231 14 (20)
41%
Borussia Mönchengladbach 6 Christoph Kramer DM 243 10 (11)
41%
FC Schalke 04 6 Ebbe Sand ST 182 59 (27)
41%
Hamburger SV 9 Frank Rost GK 149 0 (3)
41%
Alemannia Aachen 7 Jan Schlaudraff CF 28 8 (6)
41%
FC Schalke 04 10 Kevin Kuranyi ST 162 71 (30)
41%
1.FC Union Berlin 10 Marvin Friedrich CB 78 7 (3)
41%
SC Freiburg 5 Nils Petersen ST 216 69 (13)
41%
Eintracht Frankfurt 5 Sebastian Rode CM 181 11 (5)
41%
Hamburger SV 4 Sergej Barbarez CF 174 66 (42)
41%
SV Werder Bremen 2 Theodor Gebre Selassie RB 271 23 (15)
41%
FC Energie Cottbus 1 Timo Rost DM 129 6 (10)
41%
SV Werder Bremen 4 Torsten Frings DM 227 28 (34)
41%
Eintracht Frankfurt 3 Alexander Meier CF 270 93 (32)
39%
TSG 1899 Hoffenheim 8 Florian Grillitsch DM 168 4 (17)
39%
1.FC Kaiserslautern 8 Georg Koch GK 76 0 (1)
39%
MSV Duisburg 5 Georg Koch GK 34 0 (0)
39%
FC Augsburg 2 Jeffrey Gouweleeuw CB 258 7 (11)
39%
VfL Wolfsburg 3 Marcel Schäfer LB 256 13 (38)
39%
1.FC Nuremberg 4 Marek Mintál AM 121 32 (12)
39%
TSG 1899 Hoffenheim 4 Pavel Kaderabek RB 256 14 (31)
39%
Hertha BSC 6 Peter Pekarík RB 188 4 (11)
39%
1.FC Nuremberg 1 Raphael Schäfer GK 250 0 (1)
39%
Hannover 96 7 Robert Enke GK 164 0 (0)
39%
VfB Stuttgart 3 Timo Hildebrand GK 215 0 (0)
39%
VfB Stuttgart 2 Cacau ST 263 80 (35)
36%
VfB Stuttgart 1 Christian Gentner CM 278 32 (32)
36%
SV Werder Bremen 1 Clemens Fritz RB 288 5 (28)
36%
Hamburger SV 1 David Jarolím CM 257 14 (34)
36%
1.FC Union Berlin 6 Diogo Leite CB 90 1 (3)
36%
1.FC Nuremberg 2 Javier Pinola LB 203 5 (11)
36%
SC Freiburg 6 Jonathan Schmid RM 198 27 (34)
36%
1.FSV Mainz 05 3 Karim Onisiwo ST 214 33 (29)
36%
FC Schalke 04 8 Levan Kobiashvili LB 168 9 (15)
36%
FC Ingolstadt 04 2 Pascal Groß CM 65 6 (12)
36%
SC Freiburg 7 Philipp Lienhart CB 189 12 (1)
36%
Bayer 04 Leverkusen 7 Bernd Schneider RM 231 32 (59)
34%
FC Schalke 04 1 Gerald Asamoah ST 246 40 (31)
34%
1.FC Kaiserslautern 5 Halil Altıntop AM 91 28 (10)
34%
Hamburger SV 6 Heiko Westermann CB 159 9 (6)
34%
TSG 1899 Hoffenheim 10 Ihlas Bebou ST 144 36 (20)
34%
Holstein Kiel 9 Lewis Holtby CM 25 0 (2)
34%
Hertha BSC 5 Marvin Plattenhardt LB 215 6 (32)
34%
FC Ingolstadt 04 3 Mathew Leckie LW 62 3 (3)
34%
1.FSV Mainz 05 2 Nikolce Noveski CB 255 8 (3)
34%
1.FC Heidenheim 1846 1 Patrick Mainka CB 68 3 (1)
34%
Hannover 96 4 Ron-Robert Zieler GK 185 0 (0)
34%
TSG 1899 Hoffenheim 7 Sejad Salihovic CM 171 46 (34)
34%
Hannover 96 1 Steven Cherundolo RB 302 6 (19)
34%
VfB Stuttgart 6 Sven Ulreich GK 176 0 (0)
34%
Borussia Dortmund 9 Christian Wörns CB 214 13 (6)
32%
FC Augsburg 1 Daniel Baier DM 274 6 (18)
32%
Eintracht Braunschweig 2 Ermin Bicakcic CB 31 1 (2)
32%
Borussia Mönchengladbach 9 Florian Neuhaus CM 190 22 (24)
32%
1.FSV Mainz 05 9 Leandro Barreiro CM 141 11 (12)
32%
Alemannia Aachen 3 Matthias Lehmann DM 30 3 (0)
32%
FC St. Pauli 2 Matthias Lehmann DM 33 5 (0)
32%
SV Werder Bremen 9 Milos Veljkovic CB 195 5 (6)
32%
Eintracht Frankfurt 6 Oka Nikolov GK 174 0 (1)
32%
1.FC Heidenheim 1846 4 Omar Traoré RB 61 0 (6)
32%
Hertha BSC 7 Per Ciljan Skjelbred CM 179 2 (12)
32%
Holstein Kiel 1 Shuto Machino ST 32 11 (3)
32%
Hertha BSC 10 Vladimír Darida CM 170 13 (25)
32%
FC Augsburg 3 André Hahn RW 159 32 (26)
30%
SpVgg Greuther Fürth 1 Branimir Hrgota ST 34 9 (6)
30%
Hannover 96 2 Christian Schulz CB 255 19 (7)
30%
1.FSV Mainz 05 7 Elkin Soto CM 160 11 (14)
30%
VfB Stuttgart 7 Fernando Meira CB 173 11 (4)
30%
Hamburger SV 10 Joris Mathijsen CB 148 6 (2)
30%
Hertha BSC 3 Josip Simunic CB 222 3 (8)
30%
TSG 1899 Hoffenheim 6 Kevin Vogt CB 193 0 (4)
30%
Hannover 96 9 Konstantin Rausch LB 150 9 (16)
30%
SC Freiburg 4 Lucas Höler ST 231 42 (22)
30%
Hamburger SV 7 Marcell Jansen LB 152 20 (16)
30%
FC Schalke 04 8 Marcelo Bordon CB 168 14 (9)
30%
Hamburger SV 2 Mehdi Mahdavikia RW 182 22 (44)
30%
Hamburger SV 3 Piotr Trochowski AM 180 20 (32)
30%
Fortuna Düsseldorf 3 Rouwen Hennings ST 61 22 (5)
30%
SV Werder Bremen 7 Tim Borowski CM 210 27 (27)
30%
FC Energie Cottbus 2 Tomislav Piplica GK 117 0 (0)
30%
Arminia Bielefeld 4 Artur Wichniarek ST 135 45 (13)
27%
Eintracht Frankfurt 10 Bastian Oczipka LB 146 2 (22)
27%
Eintracht Frankfurt 8 Benjamin Köhler LM 168 16 (13)
27%
VfL Wolfsburg 10 Josué DM 164 2 (6)
27%
TSG 1899 Hoffenheim 9 Kevin Akpoguma CB 167 3 (5)
27%
VfB Stuttgart 7 Martin Harnik RW 173 52 (29)
27%
TSV 1860 Munich 7 Martin Max ST 80 32 (8)
27%
Fortuna Düsseldorf 2 Matthias Zimmermann RB 68 2 (6)
27%
SpVgg Unterhaching 2 Matthias Zimmermann DM 32 1 (4)
27%
FC Augsburg 4 Paul Verhaegh RB 156 19 (12)
27%
1.FC Köln 9 Pedro Geromel CB 116 4 (1)
27%
FC Augsburg 6 Philipp Max LB 145 15 (26)
27%
FC Augsburg 5 Rubén Vargas LW 154 20 (17)
27%
Borussia Mönchengladbach 4 Tony Jantschke RB 247 5 (6)
27%
VfL Bochum 9 Vahid Hashemian ST 107 29 (10)
27%
VfL Wolfsburg 5 Yannick Gerhardt CM 231 17 (24)
27%
Karlsruher SC 5 Alexander Iashvili CF 51 3 (9)
25%
VfL Wolfsburg 9 Alexander Madlung CB 166 12 (2)
25%
Bayer 04 Leverkusen 10 Carsten Ramelow DM 200 12 (12)
25%
Hertha BSC 4 Fabian Lustenberger CB 220 3 (4)
25%
1.FC Heidenheim 1846 6 Jan Schöppner CM 59 6 (4)
25%
1.FC Heidenheim 1846 5 Jonas Föhrenbach LB 60 0 (1)
25%
1.FSV Mainz 05 10 Jonathan Burkardt ST 136 41 (12)
25%
SpVgg Unterhaching 8 Marco Haber DM 29 0 (2)
25%
1.FC Heidenheim 1846 3 Marvin Pieringer ST 62 10 (8)
25%
SC Freiburg 2 Nicolas Höfler DM 280 9 (19)
25%
1.FC Heidenheim 1846 7 Benedikt Gimber CB 56 1 (1)
23%
Hamburger SV 5 Dennis Diekmeier RB 173 0 (12)
23%
FC Augsburg 8 Ja-cheol Koo CM 140 22 (12)
23%
1.FC Union Berlin 8 Janik Haberer CM 81 6 (2)
23%
Hannover 96 3 Jiri Stajner CF 229 42 (30)
23%
Fortuna Düsseldorf 10 Kenan Karaman ST 41 9 (3)
23%
1.FC Heidenheim 1846 9 Lennard Maloney DM 40 1 (1)
23%
Eintracht Frankfurt 2 Marco Russ CB 280 23 (11)
23%
SpVgg Greuther Fürth 3 Mergim Mavraj CB 32 0 (0)
23%
1.FC Köln 3 Miso Brecko RB 140 2 (8)
23%
Hertha BSC 8 Niklas Stark CB 176 7 (3)
23%
FC St. Pauli 2 Nikola Vasilj GK 33 0 (0)
23%
FC Ingolstadt 04 5 Lukas Hinterseer ST 56 9 (1)
20%
VfL Bochum 10 Manuel Riemann GK 98 0 (1)
20%
FC Ingolstadt 04 10 Moritz Hartmann ST 44 13 (1)
20%
SV Werder Bremen 8 Philipp Bargfrede DM 206 6 (10)
20%
VfB Stuttgart 5 Serdar Taşçı CB 181 9 (4)
20%
Hannover 96 5 Altin Lala DM 181 1 (7)
18%
1.FC Nuremberg 3 Andreas Wolf CB 175 6 (4)
18%
Eintracht Braunschweig 3 Domi Kumbela ST 30 9 (2)
18%
Hannover 96 9 Hanno Balitsch DM 150 12 (8)
18%
FC St. Pauli 2 Hauke Wahl CB 33 0 (0)
18%
SC Freiburg 8 Julian Schuster DM 185 10 (19)
18%
SC Freiburg 9 Lukas Kübler RB 176 10 (6)
18%
1.FC Heidenheim 1846 10 Marnon Busch RB 39 0 (1)
18%
1.FSV Mainz 05 6 Niko Bungert CB 166 8 (3)
18%
VfL Bochum 3 Paul Freier RM 137 12 (23)
18%
1.FC Nuremberg 9 Róbert Vittek ST 95 26 (16)
18%
1.FC Nuremberg 8 Timmy Simons DM 102 11 (4)
18%
SC Paderborn 07 3 Christopher Antwi-Adjei LW 34 1 (2)
16%
Eintracht Braunschweig 4 Daniel Davari GK 29 0 (1)
16%
SC Paderborn 07 5 Elias Kachunga ST 32 6 (1)
16%
FC Augsburg 10 Jan Moravek CM 126 2 (8)
16%
Fortuna Düsseldorf 4 Kaan Ayhan CB 59 6 (4)
16%
Alemannia Aachen 2 Laurențiu Reghecampf RM 32 7 (10)
16%
FC Energie Cottbus 4 Laurențiu Reghecampf RM 86 6 (9)
16%
VfL Bochum 1 Marcel Maltritz CB 146 6 (3)
16%
VfL Wolfsburg 8 Miroslav Karhan CM 173 9 (25)
16%
SC Paderborn 07 1 Uwe Hünemeier CB 48 3 (2)
16%
VfB Stuttgart 4 Zvonimir Soldo DM 185 9 (7)
16%
Fortuna Düsseldorf 1 Adam Bodzek DM 78 2 (2)
14%
FC Ingolstadt 04 6 Almog Cohen CM 51 7 (4)
14%
Fortuna Düsseldorf 8 Andre Hoffmann CB 42 2 (1)
14%
SV Darmstadt 98 4 Aytac Sulu CB 60 9 (1)
14%
1.FC Köln 10 Benno Schmitz RB, DM 114 1 (7)
14%
VfL Bochum 5 Christoph Dabrowski DM 119 15 (9)
14%
1.FSV Mainz 05 4 Daniel Brosinski RB 204 10 (27)
14%
FC St. Pauli 7 Eric Smith CB 32 1 (1)
14%
FC Energie Cottbus 7 Ervin Skela AM 72 9 (14)
14%
SV Darmstadt 98 1 Fabian Holland LB 67 0 (2)
14%
SpVgg Greuther Fürth 10 Havard Nielsen ST 26 2 (0)
14%
MSV Duisburg 3 Ivica Grlic DM 41 6 (5)
14%
SC Paderborn 07 9 Jamilu Collins LB 30 1 (2)
14%
SC Freiburg 10 Manuel Gulde CB 164 7 (1)
14%
Alemannia Aachen 8 Marius Ebbers ST 27 2 (5)
14%
FC St. Pauli 9 Marius Ebbers ST 31 3 (1)
14%
Arminia Bielefeld 2 Mathias Hain GK 152 0 (1)
14%
FC St. Pauli 7 Oladapo Afolayan RW 32 3 (2)
14%
VfL Bochum 2 Philipp Bönig LB 140 0 (1)
14%
SC Paderborn 07 5 Sebastian Vasiliadis CM 32 1 (1)
14%
Alemannia Aachen 6 Sérgio da Silva Pinto CM 29 2 (0)
14%
Hannover 96 8 Sérgio da Silva Pinto CM 160 19 (17)
14%
TSV 1860 Munich 6 Thomas Häßler AM 82 13 (25)
14%
Arminia Bielefeld 8 Thorben Marx DM 77 2 (5)
14%
Holstein Kiel 9 Timon Weiner GK 25 0 (0)
14%
TSV 1860 Munich 4 Torben Hoffmann CB 92 1 (2)
14%
FC Energie Cottbus 3 Vragel da Silva RB 101 8 (0)
14%
1.FC Kaiserslautern 2 Vratislav Lokvenc ST 116 36 (13)
14%
FC Ingolstadt 04 6 Alfredo Morales CM 51 2 (2)
11%
Fortuna Düsseldorf 7 Alfredo Morales CM 50 2 (4)
11%
VfL Bochum 7 Anthony Losilla DM 116 5 (5)
11%
1.FC Kaiserslautern 9 Hany Ramzy CB 73 7 (2)
11%
TSV 1860 Munich 1 Harald Cerny RM 102 3 (13)
11%
Fortuna Düsseldorf 8 Kevin Stöger AM 42 1 (12)
11%
Karlsruher SC 10 Maik Franz CB 44 4 (0)
11%
Hannover 96 6 Manuel Schmiedebach DM 176 2 (17)
11%
1.FC Nuremberg 7 Mike Frantz DM 109 8 (9)
11%
Eintracht Frankfurt 6 Patrick Ochs RB 174 4 (27)
11%
Arminia Bielefeld 1 Rüdiger Kauf DM 170 4 (7)
11%
Karlsruher SC 1 Sebastian Freis ST 65 17 (4)
11%
SC Paderborn 07 2 Christian Strohdiek CB 38 1 (3)
9%
1.FSV Mainz 05 8 Danny Latza CM 153 6 (13)
9%
SC Paderborn 07 7 Lukas Rupp CM 31 4 (2)
9%
SV Darmstadt 98 2 Marcel Heller RM 65 9 (10)
9%
Holstein Kiel 1 Nicolai Remberg CM 32 0 (1)
9%
Fortuna Düsseldorf 5 Oliver Fink CM 58 6 (6)
9%
Eintracht Braunschweig 4 Omar Elabdellaoui RB 29 1 (2)
9%
SV Darmstadt 98 6 Peter Niemeyer DM 46 2 (0)
9%
Holstein Kiel 7 Phil Harres ST 26 8 (1)
9%
FC St. Pauli 2 Philipp Treu RB 33 0 (3)
9%
VfL Bochum 5 Rein van Duijnhoven GK 119 0 (1)
9%
TSV 1860 Munich 3 Simon Jentzsch GK 93 0 (0)
9%
VfL Bochum 4 Tomasz Zdebel DM 132 6 (4)
9%
MSV Duisburg 6 Tom Starke GK 31 0 (0)
9%
SpVgg Unterhaching 5 André Breitenreiter CF 30 8 (1)
7%
Arminia Bielefeld 10 Bernd Korzynietz RB 75 0 (3)
7%
Karlsruher SC 2 Christian Eichner LB 64 3 (4)
7%
FC Ingolstadt 04 8 Darío Lezcano ST 50 8 (9)
7%
Hertha BSC 9 Dick van Burik CB 171 6 (1)
7%
SpVgg Greuther Fürth 7 Edgar Prib CM 27 3 (6)
7%
Arminia Bielefeld 6 Fatmir Vata AM 88 8 (10)
7%
FC St. Pauli 9 Fin Bartels RW 31 2 (5)
7%
SpVgg Greuther Fürth 2 Jamie Leweling RW 33 5 (2)
7%
SC Paderborn 07 9 Mario Vrancic CM 30 2 (1)
7%
SV Darmstadt 98 7 Mario Vrancic CM 45 6 (3)
7%
Karlsruher SC 3 Markus Miller GK 61 0 (0)
7%
TSV 1860 Munich 2 Markus Schroth ST 95 25 (18)
7%
Arminia Bielefeld 3 Markus Schuler LB 143 0 (5)
7%
1.FC Köln 7 Matthias Scherz ST 122 18 (14)
7%
Eintracht Braunschweig 4 Norman Theuerkauf DM 29 0 (2)
7%
TSV 1860 Munich 7 Paul Agostino ST 80 22 (4)
7%
FC Hansa Rostock 9 Rade Prica ST 84 16 (15)
7%
Alemannia Aachen 3 Sascha Rösler CF 30 5 (6)
7%
SpVgg Greuther Fürth 4 Stephan Fürstner DM 30 1 (0)
7%
FC St. Pauli 9 Thomas Meggle AM 31 10 (4)
7%
SV Darmstadt 98 5 Tobias Kempe CM 55 3 (6)
7%
MSV Duisburg 1 Tobias Willi RB 50 1 (3)
7%
FC Hansa Rostock 8 Antonio Di Salvo ST 94 17 (10)
5%
Holstein Kiel 3 Armin Gigovic CM 31 5 (2)
5%
Karlsruher SC 5 Christian Timm RW 51 3 (3)
5%
FC Energie Cottbus 5 Daniel Ziebig LB 78 1 (2)
5%
SpVgg Unterhaching 1 Danny Schwarz DM 34 1 (4)
5%
Arminia Bielefeld 9 Detlev Dammeier DM 76 0 (6)
5%
1.FC Kaiserslautern 4 Dimitrios Grammozis DM 92 3 (7)
5%
Karlsruher SC 8 Edmond Kapllani ST 48 2 (2)
5%
Holstein Kiel 3 Finn Porath AM 31 2 (2)
5%
SpVgg Unterhaching 2 Gerhard Tremmel GK 32 0 (1)
5%
Karlsruher SC 9 Godfried Aduobe DM 46 0 (1)
5%
SV Darmstadt 98 8 Jan Rosenthal CF 42 0 (4)
5%
Alemannia Aachen 1 Jeffrey Leiwakabessy LB 34 0 (0)
5%
SC Paderborn 07 7 Kai Pröger ST 31 2 (7)
5%
Eintracht Braunschweig 7 Ken Reichel LB 27 1 (2)
5%
Holstein Kiel 7 Lasse Rosenboom RB 26 2 (2)
5%
FC Hansa Rostock 4 Magnus Arvidsson ST 122 18 (15)
5%
TSV 1860 Munich 9 Marco Kurz CB 77 0 (1)
5%
1.FC Nuremberg 5 Marek Nikl CB 119 8 (2)
5%
1.FC Kaiserslautern 7 Marian Hristov AM 83 15 (9)
5%
1.FC Kaiserslautern 9 Mario Basler RM 73 7 (17)
5%
MSV Duisburg 6 Markus Kurth ST 31 3 (5)
5%
TSV 1860 Munich 10 Markus Weissenberger AM 74 7 (16)
5%
Alemannia Aachen 8 Nico Herzig CB 27 1 (0)
5%
Fortuna Düsseldorf 6 Niko Gießelmann LB 55 1 (5)
5%
SpVgg Greuther Fürth 7 Paul Seguin CM 27 0 (3)
5%
FC Hansa Rostock 5 Ronald Maul LB 102 0 (12)
5%
VfB Stuttgart 10 Silvio Meißner DM 164 28 (8)
5%
VfL Bochum 8 Søren Colding RB 114 1 (7)
5%
SpVgg Greuther Fürth 5 Timothy Tillman CM 29 1 (3)
5%
MSV Duisburg 6 Uwe Möhrle CB 31 4 (0)
5%
Alemannia Aachen 10 Alexander Klitzpera CB 24 1 (1)
2%
SpVgg Unterhaching 5 Altin Rraklli ST 30 4 (2)
2%
Karlsruher SC 7 Andreas Görlitz RB 49 0 (2)
2%
MSV Duisburg 6 Blagoy Georgiev CM 31 2 (3)
2%
FC St. Pauli 9 Christian Rahn LB 31 3 (9)
2%
Alemannia Aachen 3 Cristian Fiél CM 30 2 (3)
2%
FC Hansa Rostock 7 Delano Hill CB 96 3 (1)
2%
Eintracht Braunschweig 10 Deniz Dogan CB 23 0 (0)
2%
FC St. Pauli 1 Holger Stanislawski CB 34 0 (0)
2%
SpVgg Unterhaching 8 Jan Seifert CB 29 3 (0)
2%
FC Hansa Rostock 9 Joakim Persson CB 84 1 (3)
2%
Arminia Bielefeld 7 Jonas Kamper RM 80 9 (12)
2%
MSV Duisburg 4 Klemen Lavric ST 40 8 (5)
2%
Holstein Kiel 3 Magnus Knudsen CM 31 0 (1)
2%
FC Energie Cottbus 8 Mariusz Kukielka CB 71 1 (3)
2%
SpVgg Unterhaching 5 Markus Oberleitner AM 30 3 (0)
2%
FC Ingolstadt 04 9 Markus Suttner LB 49 4 (5)
2%
FC Hansa Rostock 3 Mathias Schober GK 123 0 (0)
2%
SpVgg Greuther Fürth 7 Max Christiansen DM 27 0 (0)
2%
SpVgg Greuther Fürth 10 Maximilian Bauer CB 26 0 (0)
2%
Karlsruher SC 4 Michael Mutzel DM 54 0 (5)
2%
MSV Duisburg 2 Mihai Tararache DM 46 5 (3)
2%
1.FC Kaiserslautern 6 Nzelo Lembi CB 90 3 (1)
2%
Eintracht Braunschweig 9 Orhan Ademi ST 25 1 (1)
2%
MSV Duisburg 10 Peter Van Houdt ST 29 1 (2)
2%
Arminia Bielefeld 5 Radim Kucera CB 102 7 (5)
2%
SV Darmstadt 98 9 Sandro Sirigu RB 36 2 (4)
2%
SpVgg Greuther Fürth 5 Sebastian Griesbeck CB 29 1 (0)
2%
1.FC Kaiserslautern 3 Thomas Riedl DM 108 3 (7)
2%
SpVgg Unterhaching 2 Alexander Strehmel CB 32 2 (2)
0%
FC Hansa Rostock 6 Andreas Jakobsson CB 99 4 (5)
0%
FC Energie Cottbus 6 Andrzej Kobylanski LM 76 7 (6)
0%
SpVgg Greuther Fürth 10 Bernd Nehrig DM 26 1 (1)
0%
FC Energie Cottbus 10 Bruno Akrapović DM 67 0 (1)
0%
TSV 1860 Munich 5 Daniel Borimirov CM 83 9 (9)
0%
SV Darmstadt 98 10 Florian Jungwirth CB 35 0 (1)
0%
SV Darmstadt 98 3 Jérôme Gondorf DM 62 6 (10)
0%
FC St. Pauli 9 Marcel Rath ST 31 4 (4)
0%
SpVgg Greuther Fürth 10 Marco Meyerhöfer RB 26 1 (1)
0%
FC Hansa Rostock 2 Marcus Lantz CM 146 4 (19)
0%
FC Energie Cottbus 8 Mario Cvitanovic CB 71 0 (1)
0%
Eintracht Braunschweig 1 Mirko Boland DM 33 1 (5)
0%
SpVgg Unterhaching 10 Oliver Straube LM 26 4 (1)
0%
FC Hansa Rostock 1 René Rydlewicz RM 148 23 (25)
0%
FC Ingolstadt 04 4 Roger Bernardo CB 59 2 (1)
0%
No matching quizzes found
Score Distribution
Percent of People with Each Score
Percentile by Number Answered
Your Score History
You have not taken this quiz